Dr. J. G. M. Ramsey: Autobiography and Letters (Record no. 26980)
[ view plain ]
| 000 -LEADER | |
|---|---|
| fixed length control field | 00831nam a2200121Ia 4500 |
| 008 - FIXED-LENGTH DATA ELEMENTS--GENERAL INFORMATION | |
| fixed length control field | 220620s9999||||xx |||||||||||||| ||und|| |
| 100 ## - MAIN ENTRY--PERSONAL NAME | |
| Personal name | William B. Hesseltine (Ed.) |
| 245 #0 - TITLE STATEMENT | |
| Title | Dr. J. G. M. Ramsey: Autobiography and Letters |
| 546 ## - LANGUAGE NOTE | |
| Language note | English[eng] |
| 650 ## - SUBJECT ADDED ENTRY--TOPICAL TERM | |
| Topical term or geographic name entry element | Physicians--East Tennessee--Biography||East Tennessee History--Civil War||1797-1884||1797-1884--Correspondence||Historians--East Tennessee--Biography||Businessmen--East Tennessee--Biography||Knoxville Tenn. Region--Biography||James Gettys McGready Ramsey||1861-1865--Personal narratives||Landowners--East Tennessee--Biography||Confederate||J. G. M. Ramsey||Dept of the Treasury--Officials and employees--Biography||Confederate States of America |
| 856 ## - ELECTRONIC LOCATION AND ACCESS | |
| Uniform Resource Identifier | <a href="http://trace.tennessee.edu/cgi/viewcontent.cgi?article=1001&context=utk_appalachian-echoes">http://trace.tennessee.edu/cgi/viewcontent.cgi?article=1001&context=utk_appalachian-echoes</a> |
| 942 ## - ADDED ENTRY ELEMENTS (KOHA) | |
| Koha item type | E-Books |
| Withdrawn status | Lost status | Damaged status | Not for loan | Home library | Current library | Date acquired | Total Checkouts | Date last seen | Price effective from | Koha item type |
|---|---|---|---|---|---|---|---|---|---|---|
| Kerala University of Digital Sciences, Innovation and Technology Knowledge Centre | Kerala University of Digital Sciences, Innovation and Technology Knowledge Centre | 20/06/2022 | 20/06/2022 | 20/06/2022 | E-Books |